ბათუმის შოთა რუსთაველის სახელმწიფო უნივერსიტეტის ბიბლიოთეკა

მწვანე ტექნოლოგიების როლი ბიზნესის წარმატებასა და ქვეყნის ეკონომიკურ განვითარებაში : (ბიბ.ჩანაწერი № 62916)

000 -ლიდერი
ფიქსირებული სიგრძის საკონტროლო ველი 02239nam a22002897a 4500
003 - საკონტროლო ნომრის იდენტიფიკატორი
საკონტროლო ველი Ge_BSU
005 - ბოლო ოპერაციის თარიღი და დრო
საკონტროლო ველი 20250324164302.0
008 - ფიქსირებული სიგრძის მონაცემთა ელემენტები - ზოგადი ინფორმაცია
ფიქსირებული სიგრძის საკონტროლო ველი 250320s2024 ge ||||| |||| 00| 0 geo d
020 ## - წიგნის საერთაშორისო სტანდარტული ნომერი
International Standard Book Number 9789941993091
041 ## - ენის კოდი
Language code of text/sound track or separate title geo
080 ## - უნივერსალური ათობითი კლასიფიკაციის ინდექსი
Universal Decimal Classification number 338.22 მ-97
245 ## - ცნობა სათაურის შესახებ
Title მწვანე ტექნოლოგიების როლი ბიზნესის წარმატებასა და ქვეყნის ეკონომიკურ განვითარებაში :
Statement of responsibility, etc რუსუდან კვარაცხელია, ნარგიზ ალასანია, ლევი გეონჯიანი, თინათინ როდონაია, ლევან კიკილაშვილი; დიზაინერი: დალი ჯვარშეიშვილი.
Remainder of title ( მწვანე ბიზნესი) /
264 ## - წარმოების, გამოცემის, დისტრიბუციის და სხვა ცნობები
გამოცემის, წარმოების, დისტრიბუციის... ადგილი თბილისი:
გამოცემის, წარმოების, დისტრიბუციის... სახელწოდება სამშობლო:
გამოცემის, წარმოების, დისტრიბუციის... თარიღი 2024.
300 ## - ფიზიკური აღწერა
Extent 388 გვ.:
Other physical details ილ.;
Dimensions 29 სმ.
500 ## - ზოგადი შენიშვნა
General note წიგნის გამოცემა მხარდაჭერილია შოთა რუსთაველის ეროვნული სამეცნიერო ფონდის მიერ
504 ## - BIBLIOGRAPHY, ETC. NOTE
Bibliography, etc ბიბლ. გვ. 382- 388
653 ## - INDEX TERM--UNCONTROLLED
Uncontrolled term მწვანე ბიზნესი
653 ## - INDEX TERM--UNCONTROLLED
Uncontrolled term მწვანე ტექნოლოგიები
653 ## - INDEX TERM--UNCONTROLLED
Uncontrolled term მეცნიერება და ბიზნესიმეცნიერებასა დ ბიზნესს შორის ურთიერთობის ეფექტიანი მართვის მოდელი.
700 ## - ADDED ENTRY--PERSONAL NAME
Personal name კვარაცხელია, რუსუდან
Relator term ავტორი
9 (RLIN) 24620
700 ## - ADDED ENTRY--PERSONAL NAME
Personal name ალასანია, ნარგიზ
Relator term ავტორი
9 (RLIN) 1128
700 ## - ADDED ENTRY--PERSONAL NAME
Personal name გეონჯიანი, ლევი
Relator term ავტორი
9 (RLIN) 24621
700 ## - ADDED ENTRY--PERSONAL NAME
Personal name როდონაია, თინათინ
Relator term ავტორი
9 (RLIN) 24622
700 ## - ADDED ENTRY--PERSONAL NAME
Personal name კიკილაშვილი, ლევან
Relator term ავტორი
9 (RLIN) 24623
700 ## - ADDED ENTRY--PERSONAL NAME
Personal name ჯვარშეიშვილი, დალი
Relator term დიზაინერი
9 (RLIN) 24624
942 ## - ADDED ENTRY ELEMENTS (KOHA)
Source of classification or shelving scheme
Koha item type წიგნი
ეგზემპლარები
ჩამოწერის სტატუსი დაკარგული ეგზემპლარის სტატუსი კლასიფიკაციის წყარო ან თაროზე გაწყობის სქემა დაზიანების სტატუსი არ გაიცემა მუდმივი მდებარეობა (დაცვის ადგილი) ამჟამინდელი ადგილსამყოფელი თაროზე განთავსების ადგილი შეძენის თარიღი ღირებულება, შესყიდვის ნორმალური ფასი სრული შენახვის შიფრი შტრიხკოდი ბოლო ოპერაციის თარიღი ეგზემპლარის მიმდევრობითი ნომერი (კეტერი?) ფასის ძალაში შესვლის თარიღი ეგზემპლარის სახეობა საჯარო შენიშვნა
          აგრარული და მემბრანული ტექნოლოგიების ინსტიტუტის ბიბლიოთეკა აგრარული და მემბრანული ტექნოლოგიების ინსტიტუტის ბიბლიოთეკა წიგნსაცავი 2025-03-20 15.00 60 მ-15 70922 2025-03-20 70922 2025-03-20 წიგნი 15 ლ.